CO MOŻEMY ZNALEŹĆ W SCHOWKU SAMOCHODU? - Statystyki

Ogólne statystyki
  • Ten quiz został rozwiązany 60 razy
  • Średni wynik to 3 z 6
Statystyki odpowiedzi
Odpowiedź % Poprawnych
DOKUMENTY
78%
OKULARY
60%
KLUCZE
58%
PIENIĄDZE
56%
DŁUGOPIS
51%
MAPĘ
40%
Nie znaleziono quizów pasujących do podanych kryteriów
Rozkład punktacji
Procent ludzi z każdym wynikiem
Percentyl według liczby udzielonych odpowiedzi
Twoja historia wyników
Nie rozwiązałeś tego quizu